Statistiche per Capitali d'Europa in 1 MINUTO

Clicka qui per fare il quiz!

Statistiche generali

  • Questo quiz è stato fatto 4.662 volte
  • Il punteggio medio è 17 su 46

Statistiche sulle risposte

NazioneCapitali% Corretto
GermaniaBerlino
82%
Paesi BassiAmsterdam
81%
GreciaAtene
78%
ItaliaRoma
76%
FranciaParigi
64%
SvizzeraBerna
63%
Gran BretagnaLondra
61%
SpagnaMadrid
61%
PortogalloLisbona
59%
BelgioBruxelles
58%
RomaniaBucarest
54%
UngheriaBudapest
54%
Città del VaticanoCittà del Vaticano
51%
IrlandaDublino
50%
AndorraAndorra la Vella
49%
SerbiaBelgrado
44%
RussiaMosca
41%
NorvegiaOslo
41%
FinlandiaHelsinki
40%
UcrainaKiev
40%
DanimarcaCopenaghen
38%
SlovacchiaBratislava
35%
LussemburgoLussemburgo
28%
San MarinoSan Marino
28%
MonacoMonaco
27%
SveziaStoccolma
27%
AustriaVienna
27%
MoldaviaChișinău
26%
SloveniaLubiana
25%
LettoniaRiga
25%
BielorussiaMinsk
22%
CechiaPraga
22%
BulgariaSofia
22%
EstoniaTallin
21%
AlbaniaTirana
20%
MaltaLa Valletta
19%
Bosnia-ErzegovinaSarajevo
19%
PoloniaVarsavia
18%
CroaziaZagabria
18%
LiechtensteinVaduz
17%
LituaniaVilnius
16%
CiproNicosia
13%
MacedoniaSkopje
12%
MontenegroPodgorica
10%
CossovoPristina
8%
IslandaReykjavík
8%

Distribuzione punteggi

Percentile per numero di risposta

Percentuale di utenti per punteggio

I tuoi punteggi nel tempo

Non hai fatto questo quiz